| 000 | 00630nam a2200145Ia 4500 | ||
|---|---|---|---|
| 008 | 231221s9999 xx 000 0 und d | ||
| 041 | _aEnglish | ||
| 082 | _aCPLIB12-498 | ||
| 100 | _aSen, Gayathri. Subhash Reddy. | ||
| 245 | 0 | _aImproving Research in organizations through access to enhanced e content | |
| 260 |
_c2012 _bVTU _aBelgaum |
||
| 500 | _apaper presented at the National conference on "Trends in Developing and Managing e-Resources in Libraries (TDMeRL)" on 25th and 26th of May 2012 at Vishveshwarayya Technological University, Belgaum | ||
| 650 | _aImproving,organizations,access,enhanced,content | ||
| 942 | _cIR | ||
| 999 |
_c230449 _d230449 |
||